000 00516nam a2200193Ia 4500
005 20250508165939.0
008 008 250505s9999 xx 000 0 eng d
037 _aDissertations
040 _aFEDL
_beng
_cFEDL
041 _aeng
_2eng
084 _a306.8, KOM/DI
_qFEDL
100 _aKomal
245 0 _aMatriarchy: A discourse analysis
260 _c2018
300 _a107p.
546 _aM.Ed. Dissertation, (Delhi University)
942 _cDIS
_h306.8, KOM/DI
999 _c1398353
_d1398353